000 00882 a2200193 4500
001 31483
005 20260407155619.0
008 260407a1978 arg spa d
003 AR-UNSa-BCEJYS
040 _aAR-UNSa-BCEJYS
_bspa
_cAR-UNSa-BCEJYS
080 _a519.87
_xModelos matemáticos para la investigación operativa
245 1 0 _aEnfoques prácticos para planeación y control de inventrios
264 1 _aMéxico :
_bTrillas
_c1978
300 _a115 p.
_c23 cm.
505 _a1. Conceptos del control de inventarios - 2. Sistemas de selectividad A,B,C - 3. Glosario de términos y símbolos del control de inventarios - 4. Sistemas probabilísticos - 5. Sistemas probabilísticos para resolver cuando ordenar - 6. Pronósticos mediante promedio movible y promedio exponencial
942 _cBK
590 _aniveau_biblio:m niveau_hierar:0
100 1 _aGarcia Cantú, Alfonso
999 _c2182
_d2182